000 00737nam a2200253Ia 4500
003 OSt
005 20221005083630.0
006 a|||||r|||| 00| 0
007 ta
008 221004b |||||||| |||| 00| 0 eng d
024 _a62534
037 _cTextual
040 _aCRL
_cCRL
_beng
041 _2eng
_aeng
082 _aV2,4N25.N9, M7;1
100 _aAnderson Walter K
_9612702
245 0 _aBrotherhood in saffron
_b The Rashtraiya Swayamsevak Sangh and Hindu revivalism.
260 _aNew Delhi
_bVistaar
_c1987
300 _a317p.
_ccm.
650 _aHISTORY
700 _a Damle Shridhar D
942 _hV2,4N25.N9, M7;1
_cTEXL
_2cc
999 _c991317
_d991317